Návrh riešenia ergonomickej racionalizácie v priemyselnom podniku TATRACHEMA VD Trnava, závod Šaštín-Stráže

Saved in:
Bibliographic Details
Main Author: Vaňková, Natália (Author)
Other Authors: Marková, Petra (Thesis advisor)
Format: Manuscript Book
Language:Slovak
Published: 2024
Subjects:
Online Access:http://is.stuba.sk/zp/portal_zp.pl?podrobnosti=177852
Tags: Add Tag
No Tags, Be the first to tag this record!

MARC

LEADER 00000ntm a22000003a 4500
001 stuzp97954
003 SK-STU
005 20240608211426.5
007 ta
008 150427s2015----xo-----f-mn---000-0-slo-d
040 |a STU  |b slo 
041 0 |a slo 
100 1 |a Vaňková, Natália  |u 064000  |4 aut  |U MTF Materiálovotechnologická fakulta  |T MTF Ústav priemyselného inžinierstva a manažmentu  |X 122278  |U M4000  |Y 84  |7 122278 
242 0 1 |a Proposal for ergonomic rationalisation solutions in an industrial company TATRACHEMA VD Trnava, plant Šaštín-Stráže  |y eng 
245 1 0 |a Návrh riešenia ergonomickej racionalizácie v priemyselnom podniku TATRACHEMA VD Trnava, závod Šaštín-Stráže 
260 |c 2024 
650 4 |a ergonómia  |2 slo 
650 4 |a ergonomická racionalizácia  |2 slo 
650 4 |a ergonomická analýza  |2 slo 
650 4 |a ergonomic  |2 eng 
650 4 |a ergonomic rationalisation  |2 eng 
650 4 |a ergonomic analysis  |2 eng 
700 1 |a Marková, Petra  |u 064000  |k Z1  |4 ths  |U MTF Materiálovotechnologická fakulta  |T MTF Ústav priemyselného inžinierstva a manažmentu  |X 27920  |U M4000  |Y 84  |7 A000027920 
856 4 |u http://is.stuba.sk/zp/portal_zp.pl?podrobnosti=177852 
996 |c M* DP-15457  |l MMSKP  |s P  |a 0  |w stuzp97954_0001